Central Library OPAC University of Rajshahi

Greek architecture / (Record no. 76474)

MARC details
000 -LEADER
fixed length control field 00912nam a2200289 a 4500
001 - CONTROL NUMBER
control field 76474
003 - CONTROL NUMBER IDENTIFIER
rucl marc code BD-RjUL
005 - DATE AND TIME OF LATEST TRANSACTION
control field 20211209082841.0
008 - FIXED-LENGTH DATA ELEMENTS--GENERAL INFORMATION
fixed length control field 941117s1967 enk 000 0 eng d
035 ## - SYSTEM CONTROL NUMBER
System control number (BD-RjUL)76696
040 ## - CATALOGING SOURCE
Original cataloging agency BD-RjUL
Language of cataloging eng
Transcribing agency BD-RjUL
041 ## - LANGUAGE CODE
Language code of text/sound track or separate title eng
082 ## - DEWEY DECIMAL CLASSIFICATION NUMBER
Edition number 23
Classification number 722.8
Author mark and year LAG 1967
092 ## - LOCALLY ASSIGNED DEWEY CALL NUMBER (OCLC)
Classification number D0501994277
100 1# - MAIN ENTRY--PERSONAL NAME
Personal name Lawrence, A. W.
Fuller form of name (Arnold Walter),
Dates associated with a name 1900-1991.
9 (RLIN) 236239
245 10 - TITLE STATEMENT
Title Greek architecture /
Statement of responsibility, etc. A.W. Lawrence
250 ## - EDITION STATEMENT
Edition statement 2nd ed
260 ## - PUBLICATION, DISTRIBUTION, ETC. (IMPRINT)
Place of publication, distribution, etc. Harmondsworth :
Name of publisher, distributor, etc. Penguin,
Date of publication, distribution, etc. 1967
300 ## - PHYSICAL DESCRIPTION
Pagination xxxiv, 338 p., 152 p. of plates :
Illustrations ill. ;
Size 27 cm
650 #0 - SUBJECT ADDED ENTRY--TOPICAL TERM
Topical term or geographic name as entry element Architecture, Greek
9 (RLIN) 236240
830 #0 - SERIES ADDED ENTRY--UNIFORM TITLE
Uniform title Pelican history of art ;
Volume number/sequential designation Z11
942 ## - ADDED ENTRY ELEMENTS (KOHA)
Source of classification or shelving scheme Dewey Decimal Classification
Koha item type Books
Holdings
Lost status Source of classification or shelving scheme Damaged status Not for loan Collection code Permanent Location Current Location Shelving location Date acquired Source of acquisition Cost, normal purchase price Total Checkouts Full call number Date last seen Copy number Koha item type
  Dewey Decimal Classification   Not For Loan Non-fiction Central Library, University of Rajshahi Central Library, University of Rajshahi Reading Room 31/07/1972 Book center 115.50   722.8 LAG 1967 10/12/2019 C-1 Books